رجال السيد بحر العلوم المعروف بالفوائد الرجالية / (Record no. 42017)
[ view plain ]
| 000 -الفاتح | |
|---|---|
| حقل البيانات ثابتة الطول | 00534nam a2200145Ia 4500 |
| 008 - عناصر البيانات ثابتة الطول - معلومات عامة | |
| حقل البيانات ثابتة الطول | 140319s9999 xx 000 0 ara d |
| 040 ## - مصدر الفهرسة | |
| وكالة الفهرسة الأصلية | GCL / |
| وكالة النسخ | GCL |
| 082 04 - رقم تصنيف ديوى العشرى | |
| رقم التصنيف | 920.71 |
| رقم المادة | ب ر |
| 100 1# - المدخل الرئيسى - إسم شخصى | |
| الإسم الشخصى | محمد صادق بحر العلوم |
| 245 10 - بيان العنوان | |
| العنوان | رجال السيد بحر العلوم المعروف بالفوائد الرجالية / |
| بيان المسئوليه,etc | محمد صادق بحر العلوم |
| 700 1# - المدخل الاضافى - اسم شخصى | |
| الإسم الشخصى | بحر العلوم، السيد محمد المهدى |
| 700 1# - المدخل الاضافى - اسم شخصى | |
| الإسم الشخصى | حمد صادق بحر العلوم |
| 490 ## - بيان السلسلة | |
| عنوان السلسلة | كتاب |
| رقم المجلد/ التعيين التسلسلي | 0 |
| حالة التراجع | حالة الفقد | حالة تلف | ليس للاعارة | المكان المؤقت | الموقع الحالى | تاريخ الاكتساب | اجمالي اﻻعارات | رقم الطلب | الباركود | تاريخ اخر مشاهدة | تاريخ تفعيل السعر | نوع وعاء كوها |
|---|---|---|---|---|---|---|---|---|---|---|---|---|
| مكتبة القاهرة الكبرى | مكتبة القاهرة الكبرى | 03/26/2014 | 920.71\ب ر | 101551 | 03/26/2014 | 03/26/2014 | كتاب | |||||
| مكتبة القاهرة الكبرى | مكتبة القاهرة الكبرى | 03/26/2014 | 920.71\ب ر | 101552 | 03/26/2014 | 03/26/2014 | كتاب | |||||
| مكتبة القاهرة الكبرى | مكتبة القاهرة الكبرى | 03/26/2014 | 920.71\ب ر | 101553 | 03/26/2014 | 03/26/2014 | كتاب | |||||
| مكتبة القاهرة الكبرى | مكتبة القاهرة الكبرى | 03/26/2014 | 920.71\ب ر | 101554 | 03/26/2014 | 03/26/2014 | كتاب |

